| 000 -LEADER |
| fixed length control field |
01058nam a22001817a 4500 |
| 005 - DATE AND TIME OF LATEST TRANSACTION |
| control field |
20260124092406.0 |
| 008 - FIXED-LENGTH DATA ELEMENTS--GENERAL INFORMATION |
| fixed length control field |
230712b ||||| |||| 00| 0 eng d |
| 040 ## - CATALOGING SOURCE |
| Transcribing agency |
SSBUL |
| Modifying agency |
SSBUL |
| 082 ## - DEWEY DECIMAL CLASSIFICATION NUMBER |
| Edition number |
23 |
| Classification number |
၉၅၉.၁ ဗ ၁၆၁၃၅ (S-SAT) |
| 245 ## - TITLE STATEMENT |
| Title |
ဗမာပြည်ကွန်မြူနစ်ပါတီ၏နိုင်ငံတော် အာဏာသိမ်းပိုက်ရေးလှုပ်ရှားမှုများ / |
| 260 ## - PUBLICATION, DISTRIBUTION, ETC. |
| Place of publication, distribution, etc. |
ရန်ကုန်၊ |
| Name of publisher, distributor, etc. |
ကြေးမုံသတင်းစာတိုက်၊ |
| Date of publication, distribution, etc. |
၁၉၈၉။ |
| 300 ## - PHYSICAL DESCRIPTION |
| Extent |
၁၉၀ စာမျက်နှာ၊ |
| Other physical details |
ဓာတ်ပုံများ၊ |
| Dimensions |
၂၃ စင်တီ။ |
| 500 ## - GENERAL NOTE |
| General note |
S-SAT: Dr. Prof Sai Aung Tun |
| 650 ## - SUBJECT ADDED ENTRY--TOPICAL TERM |
| Topical term or geographic name entry element |
ဗမာပြည်ကွန်မြူနစ်ပါတီ။ |
| 9 (RLIN) |
27804 |
|
| Topical term or geographic name entry element |
နိုင်ငံရေးပါတီများ |
| Geographic subdivision |
မြန်မာနိုင်ငံ။ |
| 9 (RLIN) |
27802 |
| 651 ## - SUBJECT ADDED ENTRY--GEOGRAPHIC NAME |
| Geographic name |
မြန်မာနိုင်ငံ |
| General subdivision |
သမိုင်း။ |
| 9 (RLIN) |
6190 |
| 942 ## - ADDED ENTRY ELEMENTS (KOHA) |
| Source of classification or shelving scheme |
|
| Koha item type |
Book (Short term) |